00262nam a2200085Ia 4500008004100000082002500041100001900066245003700085264005400122231129s9999||||xx |||||||||||||| ||spa|| a(i) 808.068543 N336f aNazoa Aquiles 0aFabula de la ratoncita presumida aCaracas : Ediciones Ekare-Banco del Libro c1982.